Encyclopedia of the United Nations and international agreements (Record no. 915703)

MARC details
000 -LEADER
fixed length control field 00791nam a2200253Ia 4500
003 - CONTROL NUMBER IDENTIFIER
control field OSt
005 - DATE AND TIME OF LATEST TRANSACTION
control field 20221002050944.0
008 - FIXED-LENGTH DATA ELEMENTS--GENERAL INFORMATION
fixed length control field 220930b |||||||| |||| 00| 0 eng d
037 ## - SOURCE OF ACQUISITION
Terms of availability Reference Collections
040 ## - CATALOGING SOURCE
Original cataloging agency CRL
Transcribing agency CRL
Language of cataloging eng
041 ## - LANGUAGE CODE
Source of code eng
Language code of text/sound track or separate title eng
100 ## - MAIN ENTRY--PERSONAL NAME
Personal name Osmanczyk Edument Jan
9 (RLIN) 571948
245 #0 - TITLE STATEMENT
Title Encyclopedia of the United Nations and international agreements
260 ## - PUBLICATION, DISTRIBUTION, ETC.
Place of publication, distribution, etc. Philadelphia
Name of publisher, distributor, etc. Taylor and Francis
Date of publication, distribution, etc. 1985
300 ## - PHYSICAL DESCRIPTION
Extent 1059p, 1220p
Dimensions cm.
650 ## - SUBJECT ADDED ENTRY--TOPICAL TERM
Topical term or geographic name entry element ENCYCLOPEDIAS AND DICTIONARIES
9 (RLIN) 77
650 ## - SUBJECT ADDED ENTRY--TOPICAL TERM
Topical term or geographic name entry element WORLD HISTORY
942 ## - ADDED ENTRY ELEMENTS (KOHA)
Classification part V1N45k, M5;-N0 ( RR )
Koha item type
Source of classification or shelving scheme Colon Classification (CC)
Holdings
Withdrawn status Lost status Damaged status Not for loan Home library Current library Date acquired Total Checkouts Full call number Barcode Date last seen Price effective from Koha item type
        Central Library Central Library 2022-10-02   V1N45k M5;-N0 ( RR ) CL0890035 2022-10-02 2022-10-02  
Copyright @ Delhi University Library System